000 00325 a2200109 4500
001 ART_10490
005 20260410161848.0
008 260409a
245 1 0 _aSobre la relación salario real-ocupación
100 1 _aPorto, Alberto
773 0 _tEconómica
_g- Año XXIII, Nº 1/2 (ene./ago. 1977)
_wREV7541
999 _c24781
_d24781